10 Largest Midwestern Cities - Statistics

General Stats
  • This quiz has been taken 540 times
  • The average score is 8 of 10
Answer Stats
Population City % Correct
2,695,598 Chicago
98%
688,701 Detroit
91%
852,866 Indianapolis
90%
400,070 Minneapolis
90%
467,007 Kansas City, MO
86%
599,164 Milwaukee
85%
390,113 Cleveland
84%
822,553 Columbus
80%
434,353 Omaha
66%
386,552 Wichita
41%
No matching quizzes found
Score Distribution
Percent of People with Each Score
Percentile by Number Answered
Your Score History
You have not taken this quiz